| 000 | 00735nam a22001577a 4500 | ||
|---|---|---|---|
| 003 | OSt | ||
| 005 | 20151105161720.0 | ||
| 008 | 151105b xxu||||| |||| 00| 0 eng d | ||
| 040 | _cRUA | ||
| 082 | _aAGR ROE 2006 B032 Or.1 | ||
| 100 |
_93420 _aROEURN SIRANET |
||
| 245 | _aEffect of nitrogen fertilizer on chinese cabbage at crop station of royal university of agriculture, ឥទ្ធិពលជីអាសូតលើដំណាំស្ពៃក្រញ៉ាញ់ នៅក្នុងស្ថានីយ៍ពិសោធន៍ដំណាំ នៃសាកលវិទ្យាល័យភូមិន្ទកសិកម្ម, | ||
| 260 |
_aPhnom Penh _bRUA _c2006 |
||
| 300 |
_a41p; _bill. _c29cm. |
||
| 942 |
_2ddc _cFOR |
||
| 999 |
_c3190 _d3190 |
||